La reina calva

সংরক্ষণ করুন:
গ্রন্থ-পঞ্জীর বিবরন
প্রধান লেখক: Company, Merce (Author)
বিন্যাস: গ্রন্থ
ভাষা:স্প্যানিশ
প্রকাশিত: Madrid SM 1992
সংস্করন:7a. ed
মালা:El barco de vapor. serie azul, 28
বিষয়গুলি:
ট্যাগগুলো: ট্যাগ যুক্ত করুন
কোনো ট্যাগ নেই, প্রথমজন হিসাবে ট্যাগ করুন!

MARC

LEADER 00000nam a2200000 a 4500
001 UCH8231
003 CL-VaPUC
008 091127e19920000SP |||||||||||||||||spa|d
020 |a 8434822970 
082 0 4 |a 861  |b COM  |2 21 
100 0 |a Company, Merce  |e author  |9 544695 
245 1 3 |a La reina calva 
250 |a 7a. ed 
300 |a 77 p 
942 |c BK 
945 |d 20091127 00:00:00  |a lazolas 
260 |a Madrid  |b SM  |c 1992 
500 |a Lectura a partir de los 7 años 
650 7 |a PROSA POETICA ESPAÑOLA  |2 CL-VaPUC  |9 309004 
650 0 |a Literatura infantil española  |9 415887 
650 0 |a Literatura española  |9 306261 
583 |a last modification  |c 20091127 00:00:00  |k Rodrigo Vera 
490 0 |a El barco de vapor. serie azul, 28 
999 |c 338463  |d 338461